01400 2200337 4500001002100000005001500021035002000036245021100056264001600267090000600283020002200289650002600311650001600337008004100353082000800394084001500402250002700417260003600444300003400480500005200514700003300566700003200599700003600631700002900667700003500696700002900731700002800760505023800788990001801026990001801044INLIS00000000000903720230314035215 a0010-0619009037 aEnsiklopedia IPA :bvisual fisika, kimia, biologi, dan matematika /calih bahasa, Anis Ariliiawati; penyunting, A. Ari dartoyo, Dewi Susiloningtyas, Dody Hidayat, Lukman Adiprasetyo, L. Hartini, Yersy Wulan entera Abadi 03 a978-979-3535-58-6 4aIlmu Pengetahuan Alam 4aEnsiklopedi230314 g 0 ind  a503 aRF 503 ENS aEdisi bahasa Indonesia aJakarta :bLentera Abadi,c2009 a5 Jilid :bIlustrasi ;c27 cm aJudul asli : Ultimate visual Dictionary Science0 aAnis Ariliawatiealih bahasa0 aAri dartoyo, A.epenyunting0 aDewi Susiloningtyasepenyunting0 aDody Hidayatepenyunting0 aLukman Adiprasetyoepenyunting1 aHartini, L.epenyunting0 aYersy Wulanepenyunting aJilid 1 : Fisika, Kimia Jilid 2 : Biologi dan Ekologi, Anatomi Manusia Jilid 3 : Ilmu Kedokteran, Ilmu Bumi Jilid 4 : Astronomi dan Astrofisika, Elektronika dan Komputer Jilid 5 : Matematika, Data Penting, Biografi, dan Glosarium a012677.024629 a012677.024629